000 00335nam a22001457a 4500
008 210304b ||||| |||| 00| 0 eng d
020 _a9780470107485
041 _aeng
080 _27th
_a579
082 _a579
100 _a11
101 _aMIK
245 _aMicrobiology Principles and Explorations
_cBlack, J.G
942 _2udc
_cBK
999 _c55763
_d55763